| 000 | 00836cam a22002411 4500 | ||
|---|---|---|---|
| 001 | 000011393 | ||
| 005 | 20200929162435.0 | ||
| 008 | 761115s1959 ve a 000 0 spa | ||
| 010 | _a61024241 | ||
| 035 | _a(OCoLC)2557748 | ||
| 040 |
_aDO-SdBNP _cNAlU _dDLC |
||
| 042 | _apremarc | ||
| 082 |
_a923.587 _aP127C |
||
| 100 | 2 |
_aCunninghame Graham, R. B. _q(Robert Bontine), _d1852-1936 _927010 |
|
| 245 | 0 | 0 | _aJosé Antonio Páez. |
| 250 |
_a1. version castellana. _bIntrod. de Cristobal L. Mendoza. [Traduccion de Antonio de Blois Carreno, completada y rev. por Rafael Bosch] |
||
| 260 |
_aCaracas, _c1959. |
||
| 300 |
_a285 p. : _billus. ; _c24 cm. |
||
| 504 | _aIncludes bibliography. | ||
| 600 | 1 | 0 |
_aPAEZ, JOSÈ ANTONIO, _d1790-1873. _927011 |
| 651 | 4 |
_aVenezuela _xHistoria _y1810- _96710 |
|
| 910 | _aCatalogación por copia / LC | ||
| 999 |
_c11100 _d11100 |
||